00801nam a22002657a 45000010005000000030009000050050017000140070005000310080036000360200015000720400022000870820015001092450042001242600059001663000032002255000021002575000037002785050032003159100008003479420012003559450028003679520105003959560020005009990015005200185DO-SdBNP20180223140518.00185151005b 200 1982 xxu a 00| 0 spa d a0716601826 aBPMSUbspacBPMSU 4axxxxbxxxx00aChildcraftbthe how and why library / aChicago :bWold book-childcraft international, c1982. av. :bil., retrs. ;c26 cm. aIncluye índice aLa biblioteca posee el volumen 1 gv 1 :tPoems and rhymes --  a144 2ddccBK aInventariado, 2018 / BT 00102ddc40708CI-GaBPMETbBPMETd2016-03-18eFUNDIl0pBPMSU16030180r2016-03-18w2016-03-18yBK aYngrid Lockward c9300d9300